| Поле | Инд. | ПП | Название | Значение |
|---|---|---|---|---|
| Тип записи | a | |||
| Библиографический уровень | m | |||
| 001 | Контрольный номер | 4bbe1737-63bf-4f47-890b-85400baf77cc | ||
| 005 | Дата корректировки | 20140226121720.8 | ||
| 008 | Кодируемые данные | 000225 d | ||
| 020 | c | Цена, тираж | 365-00 | |
| 080 | a | Индекс УДК | 641.55(083) | |
| 084 | a | Индекс другой классификации/Индекс ББК | Л997 | |
| 090 | x | Авторский знак | Ж86 | |
| a | Полочн. индекс | Л997 | ||
| 100 | 1_ | a | Автор | Жуковская В. И. |
| 245 | 00 | a | Заглавие | Учимся готовить экономно и вкусно |
| c | Ответственность | В.И. Жуковская, В.И. Колоколкина, А.М. Кочетков | ||
| 260 | 0_ | a | Место издания | Москва |
| b | Издательство | Знание | ||
| c | Дата издания | 1993 | ||
| 300 | a | Объем | 238 с. | |
| 650 | a | Основная рубрика | Кулинария | |
| x | Основная подрубрика | Поваренные книги | ||
| 653 | a | Ключевые слова | Кулинария | |
| a | Ключевые слова | Домашняя кулинария | ||
| a | Ключевые слова | Рецепты кулинарные | ||
| a | Ключевые слова | Поваренные книги | ||
| a | Ключевые слова | Рецепты | ||
| 700 | 1_ | a | Другие авторы | Колоколкина В. И. |
| 700 | 1_ | a | Другие авторы | Кочетков А. М. |
| 852 | t | Порядковый номер экземпляра | 2 | |
| p | Инвентарный номер | 647759 | ||
| p | Инвентарный номер | 647760 | ||
| 930 | a | Новая/Ретро | Рецепты | |
| 954 | a | Дата поступления на обработку | 06.04.94 | |
| a | Дата поступления на обработку | 06.04.94 | ||
| 999 | a | Подразделение 2 | кх. |